[Event "Mitropa Online Cup Open 2021"]
[Site "Hybrid"]
[Date "2021.05.04"]
[Round "1.1"]
[White "Bogner, Sebastian"]
[Black "Fridman, Daniel"]
[Result "1/2-1/2"]
[WhiteElo "2577"]
[BlackElo "2601"]
[Annotator "TA"]
[PlyCount "64"]
[EventDate "2021.05.04"]
[EventType "team-tourn"]
[EventCountry "NET"]
[SourceTitle "playchess.com"]
[Source "ChessBase"]
[SourceQuality "1"]
[WhiteTeam "Switzerland"]
[BlackTeam "Germany"]
[WhiteTeamCountry "SUI"]
[BlackTeamCountry "GER"]

{[%evp 9,64,0,7,-1,8,-6,0,0,0,0,3,0,0,0,6,0,0,0,0,0,24,31,52,55,51,11,37,37,45,37,38,20,38,0,0,0,20,17,13,0,0,0,0,0,0,0,0,0,0,-33,-33,-36,0,0,0,0,0]} 1. e4 c6 2. d4 d5 3. f3 g6 4. Nc3 Bg7 5. e5 f6 6. f4 {B15: Caro-Kann: 3 Nc3: 3...g6 and 3...dxe4 4 Nxe4 Nf6 5 Nxf6+ exf6.} Nh6 7. Nf3 Bg4 8. Be2 O-O 9. O-O Nf5 {[#]} 10. Kh1 $146 ({Predecessor:} 10. h3 Bxf3 11. Bxf3 Qb6 12. Ne2 fxe5 13. fxe5 Bxe5 14. c3 Bf6 15. Bg4 Ng7 16. Kh1 h5 {0-1 (43) Erdmann,K (1590)-Kalinowski,K (1473) Suchedniow 2012}) 10... e6 11. Ng1 Bxe2 12. Ncxe2 c5 13. c3 cxd4 14. cxd4 fxe5 15. fxe5 Nc6 16. Nf3 $1 h6 17. Qd3 Qb6 18. Bd2 Rf7 ({Don't go for} 18... Qxb2 $2 19. Rfb1 $18) 19. Bc3 Raf8 20. Nf4 Nce7 21. a4 {[%cal Ba2a4,Ba4a5][%mdl 32]} g5 22. Nh5 Nc6 23. g4 Nfe7 24. a5 Qa6 25. Qxa6 bxa6 26. Nd2 Rxf1+ 27. Rxf1 Rxf1+ 28. Nxf1 Ng6 29. Kg2 Bf8 $1 30. Nd2 Kf7 (30... Ngxe5 $5 31. Nf6+ (31. dxe5 d4 $15) 31... Kf7 32. dxe5 d4 33. Bxd4 Nxd4 $15) 31. Nb3 Be7 32. Kf3 Nf8 {Weighted Error Value: White=0.05/Black=0.04} 1/2-1/2

[Event "Mitropa Online Cup Open 2021"]
[Site "Hybrid"]
[Date "2021.05.04"]
[Round "1.1"]
[White "Prusikin, Michael"]
[Black "Studer, Noel"]
[Result "1/2-1/2"]
[WhiteElo "2547"]
[BlackElo "2579"]
[Annotator "RC"]
[PlyCount "103"]
[EventDate "2021.05.04"]
[EventType "team-tourn"]
[EventCountry "NET"]
[SourceTitle "playchess.com"]
[Source "ChessBase"]
[SourceQuality "1"]
[WhiteTeam "Germany"]
[BlackTeam "Switzerland"]
[WhiteTeamCountry "GER"]
[BlackTeamCountry "SUI"]
[TimeControl "40/5400+30:1800+30"]

1. e4 {[%emt 0:00:00]} c5 {[%emt 0:00:14]} 2. Nf3 {[%emt 0:00:05]} Nc6 {[%emt 0:00:07]} 3. d4 {[%emt 0:00:05]} cxd4 {[%emt 0:00:19]} 4. Nxd4 {[%emt 0:00:05]} Nf6 {[%emt 0:00:08]} 5. Nc3 {[%emt 0:00:03]} d6 {[%emt 0:02:17]} 6. Bc4 {[%emt 0:00:39]} e6 {[%emt 0:04:34]} 7. Be3 {[%emt 0:00:19]} Be7 {[%emt 0:00:45]} 8. Qe2 {[%emt 0:01:37]} O-O {[%emt 0:01:07]} 9. O-O-O {[%emt 0:00:39]} a6 {[%emt 0:00:35]} 10. Bb3 {[%emt 0:07:41]} Qc7 {[%emt 0:02:11]} 11. h4 {[%emt 0:02:47]} b5 {[%emt 0:02:03]} 12. g4 {[%emt 0:12:34]} Na5 {[%emt 0:33:05]} 13. g5 {[%emt 0:04:44]} Nxb3+ {[%emt 0:01:31]} 14. axb3 {[%emt 0:00:16]} Nd7 {[%emt 0:00:27]} 15. g6 {[%emt 0:05:32]} Nf6 {[%emt 0:03:51]} 16. gxh7+ {[%emt 0:04:59]} Kh8 {[%emt 0:03:37]} 17. Rhg1 {[%emt 0:01:12]} b4 {[%emt 0:10:17]} 18. Na4 {[%emt 0:02:09]} Bb7 {[%emt 0:02:00]} 19. f3 {[%emt 0:02:13]} d5 {[%emt 0:02:31]} 20. Qg2 {[%emt 0:04:54]} Ne8 {[%emt 0:08:16]} 21. f4 {[%emt 0:24:07]} dxe4 {[%emt 0:02:34]} 22. f5 {[%emt 0:01:09]} Rd8 {[%emt 0:14:34]} 23. h5 {[%emt 0:04:52]} exf5 {[%emt 0:01:38]} 24. Nxf5 {[%emt 0:02:04]} Rxd1+ {[%emt 0:00:07]} 25. Rxd1 {[%emt 0:00:14]} Bf6 {[%emt 0:01:03]} 26. Kb1 {[%emt 0:01:36]} Kxh7 {[%emt 0:00:10]} 27. Qg4 {[%emt 0:02:57]} Bc8 {[%emt 0:01:53]} 28. Bc5 {[%emt 0:09:52]} Rh8 {[%emt 0:00:10]} 29. Qxe4 {[%emt 0:03:44]} Qe5 {[%emt 0:00:03]} 30. Qxe5 {[%emt 0:00:21]} Bxe5 {[%emt 0:00:03]} 31. Rf1 {[%emt 0:00:49]} Nf6 {[%emt 0:01:45]} 32. Bxb4 {[%emt 0:00:09]} Nxh5 {[%emt 0:00:21]} 33. Ne7 {[%emt 0:00:06]} Be6 {[%emt 0:00:11]} 34. Nc5 {[%emt 0:00:02]} Bf6 {[%emt 0:01:10]} 35. Nxe6 {[%emt 0:00:22]} fxe6 {[%emt 0:00:02]} 36. Rh1 {[%emt 0:00:21]} g6 {[%emt 0:00:17]} 37. Nc6 {[%emt 0:00:08]} Kg7 {[%emt 0:01:23]} 38. Rd1 {[%emt 0:00:20]} g5 {[%emt 0:00:23]} 39. c4 {[%emt 0:00:48]} Nf4 {[%emt 0:00:32]} 40. Bc3 {[%emt 0:00:00]} Bxc3 {[%emt 0:00:00]} 41. bxc3 {[%emt 0:00:48]} Rh3 {[%emt 0:05:35]} 42. Rg1 {[%emt 0:05:12]} Kf6 {[%emt 0:03:08]} 43. Kb2 {[%emt 0:00:22]} Rf3 {[%emt 0:06:12]} 44. b4 {[%emt 0:02:21]} e5 {[%emt 0:12:47]} 45. b5 {[%emt 0:08:32]} axb5 {[%emt 0:00:49]} 46. cxb5 {[%emt 0:00:07]} Nd5 {[%emt 0:00:11]} 47. Re1 {[%emt 0:06:16]} Nxc3 {[%emt 0:01:58]} 48. Nxe5 {[%emt 0:01:31]} Na4+ {[%emt 0:00:30]} 49. Ka2 {[%emt 0:05:05]} Rf5 {[%emt 0:02:04]} 50. Nd7+ {[%emt 0:00:54]} Kg6 {[%emt 0:01:04]} 51. Kb3 {[%emt 0:00:50]} Rxb5+ {[%emt 0:00:44]} 52. Kxa4 {[%emt 0:00:13]} 1/2-1/2

[Event "Mitropa Online Cup Open 2021"]
[Site "Hybrid"]
[Date "2021.05.04"]
[Round "1.1"]
[White "Kurmann, Oliver"]
[Black "Parvanyan, Ashot"]
[Result "0-1"]
[WhiteElo "2430"]
[BlackElo "2436"]
[Annotator "NA"]
[PlyCount "68"]
[EventDate "2021.05.04"]
[EventType "team-tourn"]
[EventCountry "NET"]
[SourceTitle "playchess.com"]
[Source "ChessBase"]
[SourceQuality "1"]
[WhiteTeam "Switzerland"]
[BlackTeam "Germany"]
[WhiteTeamCountry "SUI"]
[BlackTeamCountry "GER"]
[TimeControl "40/5400+30:1800+30"]

1. e4 {[%emt 0:00:00]} e6 {[%emt 0:00:10]} 2. d4 {[%emt 0:00:08]} d5 {[%emt 0:00:16]} 3. Nc3 {[%emt 0:00:13]} Bb4 {[%emt 0:00:53]} 4. Nge2 {[%emt 0:00:24]} dxe4 {[%emt 0:01:12]} 5. a3 {[%emt 0:00:18]} Bxc3+ {[%emt 0:00:21]} 6. Nxc3 {[%emt 0:00:08]} Nc6 {[%emt 0:00:26]} 7. Bb5 {[%emt 0:00:49]} Nge7 {[%emt 0:00:44]} 8. Bg5 {[%emt 0:00:19]} f6 {[%emt 0:01:27]} 9. Be3 {[%emt 0:00:10]} O-O {[%emt 0:00:46]} 10. Qd2 {[%emt 0:00:20]} f5 {[%emt 0:03:19]} 11. O-O-O {[%emt 0:00:29]} a6 {[%emt 0:07:04]} 12. Bxc6 {[%emt 0:00:37]} bxc6 {[%emt 0:06:48]} 13. Bf4 {[%emt 0:14:50]} Rf7 {[%emt 0:22:42]} 14. h4 {[%emt 0:01:35]} h6 {[%emt 0:05:47]} 15. h5 {[%emt 0:02:26]} a5 {[%emt 0:07:29]} 16. Rh3 {[%emt 0:06:10]} a4 {[%emt 0:05:19]} 17. Rg3 {[%emt 0:10:23]} Kh7 {[%emt 0:01:29]} 18. Be5 {[%emt 0:10:33]} Ng8 {[%emt 0:07:02]} 19. Ne2 {[%emt 0:29:08]} Nf6 {[%emt 0:04:00]} 20. Nf4 {[%emt 0:00:09]} Ng4 {[%emt 0:07:24]} 21. Rxg4 {[%emt 0:02:10]} fxg4 {[%emt 0:00:10]} 22. Qe2 {[%emt 0:00:02]} Qg5 {[%emt 0:03:26]} 23. Qxe4+ {[%emt 0:01:19]} Qf5 {[%emt 0:00:34]} 24. Qxc6 {[%emt 0:01:25]} Ra6 {[%emt 0:02:45]} 25. Qb5 {[%emt 0:02:45]} c5 {[%emt 0:08:04]} 26. Qe8 {[%emt 0:09:27]} Bd7 {[%emt 0:01:43]} 27. Qb8 {[%emt 0:00:03]} cxd4 {[%emt 0:01:11]} 28. Rxd4 {[%emt 0:01:17]} Rc6 {[%emt 0:00:29]} 29. c3 {[%emt 0:01:25]} Rc5 {[%emt 0:00:54]} 30. Rxd7 {[%emt 0:01:24]} Rxd7 {[%emt 0:00:27]} 31. Ng6 {[%emt 0:00:07]} Qg5+ {[%emt 0:00:30]} 32. Kb1 {[%emt 0:03:10]} Rd8 {[%emt 0:00:08]} 33. Qb6 {[%emt 0:01:56]} Rxe5 {[%emt 0:00:12]} 34. Nxe5 {[%emt 0:00:12]} Rd1+ {[%emt 0:00:08]} 0-1

[Event "Mitropa Online Cup Open 2021"]
[Site "Hybrid"]
[Date "2021.05.04"]
[Round "1.1"]
[White "Koellner, Ruben Gideon"]
[Black "Baenziger, Fabian"]
[Result "1-0"]
[WhiteElo "2412"]
[BlackElo "2400"]
[Annotator "NA"]
[PlyCount "81"]
[EventDate "2021.05.04"]
[EventType "team-tourn"]
[EventCountry "NET"]
[SourceTitle "playchess.com"]
[Source "ChessBase"]
[SourceQuality "1"]
[WhiteTeam "Germany"]
[BlackTeam "Switzerland"]
[WhiteTeamCountry "GER"]
[BlackTeamCountry "SUI"]
[TimeControl "40/5400+30:1800+30"]

1. e4 {[%emt 0:00:00]} c5 {[%emt 0:00:18]} 2. Nf3 {[%emt 0:00:09]} d6 {[%emt 0:00:25]} 3. Bb5+ {[%emt 0:00:18]} Bd7 {[%emt 0:00:06]} 4. Bxd7+ {[%emt 0:00:10]} Nxd7 {[%emt 0:00:03]} 5. O-O {[%emt 0:00:57]} Ngf6 {[%emt 0:00:30]} 6. Qe2 {[%emt 0:01:59]} e6 {[%emt 0:00:27]} 7. c3 {[%emt 0:00:42]} Be7 {[%emt 0:03:22]} 8. d4 {[%emt 0:00:29]} O-O {[%emt 0:02:25]} 9. Rd1 {[%emt 0:03:07]} cxd4 {[%emt 0:04:21]} 10. cxd4 {[%emt 0:00:18]} Nb8 {[%emt 0:01:00]} 11. Nc3 {[%emt 0:02:50]} d5 {[%emt 0:02:46]} 12. e5 {[%emt 0:02:04]} Nfd7 {[%emt 0:00:18]} 13. g3 {[%emt 0:03:06]} Qb6 {[%emt 0:11:29]} 14. h4 {[%emt 0:06:58]} Qa6 {[%emt 0:02:24]} 15. Nb5 {[%emt 0:07:10]} Nc6 {[%emt 0:04:06]} 16. Bg5 {[%emt 0:03:01]} Rac8 {[%emt 0:10:10]} 17. Rac1 {[%emt 0:31:12]} h6 {[%emt 0:09:15]} 18. Bxe7 {[%emt 0:02:42]} Nxe7 {[%emt 0:00:09]} 19. b3 {[%emt 0:06:51]} Rxc1 {[%emt 0:10:08]} 20. Rxc1 {[%emt 0:00:08]} Rc8 {[%emt 0:00:07]} 21. Rxc8+ {[%emt 0:00:54]} Nxc8 {[%emt 0:00:29]} 22. a4 {[%emt 0:02:05]} Qc6 {[%emt 0:00:31]} 23. Qd2 {[%emt 0:00:38]} a6 {[%emt 0:02:35]} 24. Nc3 {[%emt 0:00:07]} Ne7 {[%emt 0:00:57]} 25. Ne2 {[%emt 0:04:12]} Qb6 {[%emt 0:03:13]} 26. Qe3 {[%emt 0:01:40]} Nb8 {[%emt 0:03:12]} 27. h5 {[%emt 0:03:29]} Nbc6 {[%emt 0:01:26]} 28. g4 {[%emt 0:00:21]} Na5 {[%emt 0:01:15]} 29. Nd2 {[%emt 0:00:37]} Qb4 {[%emt 0:02:53]} 30. f4 {[%emt 0:00:48]} Nac6 {[%emt 0:02:38]} 31. Kf2 {[%emt 0:00:47]} Kf8 {[%emt 0:03:55]} 32. Qd3 {[%emt 0:00:26]} Na5 {[%emt 0:00:42]} 33. Ke3 {[%emt 0:01:10]} Nec6 {[%emt 0:00:32]} 34. f5 {[%emt 0:07:43]} Ke7 {[%emt 0:11:24]} 35. fxe6 {[%emt 0:03:08]} fxe6 {[%emt 0:00:02]} 36. Qg6 {[%emt 0:01:44]} Kf8 {[%emt 0:04:22]} 37. Qxe6 {[%emt 0:00:54]} Nxb3 {[%emt 0:00:04]} 38. Nf3 {[%emt 0:02:06]} Ne7 {[%emt 0:00:46]} 39. Qd7 {[%emt 0:00:53]} Qa5 {[%emt 0:00:43]} 40. e6 {[%emt 0:00:00]} Qb6 {[%emt 0:00:00]} 41. Ne5 {[%emt 0:02:36]} 1-0

[Event "Mitropa Online Cup Open 2021"]
[Site "Hybrid"]
[Date "2021.05.04"]
[Round "1.2"]
[White "Krejci, Jan"]
[Black "Kovacevic, Blazimir"]
[Result "1/2-1/2"]
[WhiteElo "2540"]
[BlackElo "2410"]
[Annotator "ChessBase"]
[PlyCount "156"]
[EventDate "2021.05.04"]
[EventType "team-tourn"]
[EventCountry "NET"]
[SourceTitle "playchess.com"]
[Source "ChessBase"]
[SourceQuality "1"]
[WhiteTeam "Czech Republic"]
[BlackTeam "Croatia"]
[WhiteTeamCountry "CZE"]
[BlackTeamCountry "CRO"]
[TimeControl "40/5400+30:1800+30"]

1. d4 {[%emt 0:00:00]} e6 {[%emt 0:00:13]} 2. Nf3 {[%emt 0:00:17]} Nf6 {[%emt 0:00:20]} 3. c4 {[%emt 0:00:10]} Bb4+ {[%emt 0:00:28]} 4. Nc3 {[%emt 0:01:51]} b6 {[%emt 0:02:11]} 5. e3 {[%emt 0:00:42]} Ne4 {[%emt 0:07:18]} 6. Qc2 {[%emt 0:09:38]} Bb7 {[%emt 0:00:23]} 7. Bd2 {[%emt 0:06:08]} Bxc3 {[%emt 0:14:35]} 8. Bxc3 {[%emt 0:00:06]} Nxc3 {[%emt 0:00:06]} 9. Qxc3 {[%emt 0:00:09]} Qf6 {[%emt 0:01:29]} 10. Be2 {[%emt 0:02:39]} c5 {[%emt 0:18:48]} 11. O-O {[%emt 0:04:49]} d6 {[%emt 0:03:52]} 12. Rfd1 {[%emt 0:01:36]} O-O {[%emt 0:03:22]} 13. Rac1 {[%emt 0:12:37]} Nc6 {[%emt 0:04:04]} 14. d5 {[%emt 0:08:14]} Qxc3 {[%emt 0:20:38]} 15. bxc3 {[%emt 0:00:46]} exd5 {[%emt 0:00:04]} 16. Rxd5 {[%emt 0:02:25]} Rfd8 {[%emt 0:00:08]} 17. Rcd1 {[%emt 0:00:59]} Kf8 {[%emt 0:00:24]} 18. Rxd6 {[%emt 0:01:43]} Rxd6 {[%emt 0:00:06]} 19. Rxd6 {[%emt 0:00:07]} Ke7 {[%emt 0:00:03]} 20. Rd1 {[%emt 0:00:56]} Ba6 {[%emt 0:06:29]} 21. Kf1 {[%emt 0:07:05]} f6 {[%emt 0:00:26]} 22. Ke1 {[%emt 0:01:06]} Na5 {[%emt 0:01:42]} 23. Nd2 {[%emt 0:00:35]} Rd8 {[%emt 0:00:15]} 24. f3 {[%emt 0:02:57]} f5 {[%emt 0:01:56]} 25. h3 {[%emt 0:09:21]} Rd6 {[%emt 0:01:03]} 26. Rc1 {[%emt 0:05:06]} Re6 {[%emt 0:08:48]} 27. Kf2 {[%emt 0:00:13]} Rd6 {[%emt 0:00:06]} 28. Rc2 {[%emt 0:00:12]} Rh6 {[%emt 0:00:22]} 29. Bd3 {[%emt 0:00:59]} Ke6 {[%emt 0:01:05]} 30. f4 {[%emt 0:02:35]} Rf6 {[%emt 0:01:34]} 31. Nf3 {[%emt 0:07:10]} Bxc4 {[%emt 0:00:28]} 32. Ng5+ {[%emt 0:00:53]} Ke7 {[%emt 0:00:04]} 33. Bxc4 {[%emt 0:00:58]} Nxc4 {[%emt 0:00:04]} 34. Nxh7 {[%emt 0:00:08]} Rd6 {[%emt 0:01:33]} 35. Re2 {[%emt 0:03:46]} Nd2 {[%emt 0:01:23]} 36. Ng5 {[%emt 0:00:21]} Nb1 {[%emt 0:00:47]} 37. c4 {[%emt 0:02:50]} Nc3 {[%emt 0:00:06]} 38. Rc2 {[%emt 0:01:18]} Rd3 {[%emt 0:00:21]} 39. g4 {[%emt 0:01:20]} g6 {[%emt 0:00:13]} 40. Kf3 {[%emt 0:00:00]} a6 {[%emt 0:00:00]} 41. gxf5 {[%emt 0:04:07]} gxf5 {[%emt 0:01:58]} 42. h4 {[%emt 0:00:06]} b5 {[%emt 0:04:15]} 43. h5 {[%emt 0:01:11]} b4 {[%emt 0:05:19]} 44. h6 {[%emt 0:01:00]} Rd8 {[%emt 0:00:20]} 45. h7 {[%emt 0:01:31]} a5 {[%emt 0:02:54]} 46. Rh2 {[%emt 0:08:01]} Rh8 {[%emt 0:00:51]} 47. e4 {[%emt 0:01:29]} a4 {[%emt 0:04:11]} 48. exf5 {[%emt 0:00:27]} a3 {[%emt 0:05:14]} 49. Ne4 {[%emt 0:02:46]} Nxa2 {[%emt 0:00:28]} 50. f6+ {[%emt 0:01:06]} Ke8 {[%emt 0:01:22]} 51. Rxa2 {[%emt 0:04:16]} Rxh7 {[%emt 0:00:07]} 52. f7+ {[%emt 0:00:50]} Kf8 {[%emt 0:07:09]} 53. Ng5 {[%emt 0:00:21]} Rh6 {[%emt 0:02:56]} 54. Re2 {[%emt 0:00:35]} Rf6 {[%emt 0:00:06]} 55. Nh7+ {[%emt 0:00:43]} Kxf7 {[%emt 0:00:09]} 56. Nxf6 {[%emt 0:00:10]} b3 {[%emt 0:00:25]} 57. Nd5 {[%emt 0:09:35]} a2 {[%emt 0:00:13]} 58. Re7+ {[%emt 0:00:11]} Kf8 {[%emt 0:00:07]} 59. Ra7 {[%emt 0:00:43]} b2 {[%emt 0:00:04]} 60. Ra8+ {[%emt 0:00:06]} Kf7 {[%emt 0:00:07]} 61. Ra7+ {[%emt 0:00:05]} Kf8 {[%emt 0:01:05]} 62. Ra8+ {[%emt 0:00:04]} Kf7 {[%emt 0:00:03]} 63. Ra7+ {[%emt 0:00:02]} Ke8 {[%emt 0:00:14]} 64. Ra8+ {[%emt 0:01:58]} Kd7 {[%emt 0:02:14]} 65. Rxa2 {[%emt 0:00:34]} b1=Q {[%emt 0:00:08]} 66. Ra7+ {[%emt 0:00:02]} Kd8 {[%emt 0:01:31]} 67. Ra8+ {[%emt 0:00:06]} Kd7 {[%emt 0:00:05]} 68. Ra7+ {[%emt 0:00:02]} Kc8 {[%emt 0:01:25]} 69. Ne7+ {[%emt 0:01:37]} Kd8 {[%emt 0:00:10]} 70. Nc6+ {[%emt 0:00:03]} Ke8 {[%emt 0:00:15]} 71. Ne5 {[%emt 0:00:02]} Qh1+ {[%emt 0:01:23]} 72. Kg4 {[%emt 0:00:43]} Qe4 {[%emt 0:00:42]} 73. Kg5 {[%emt 0:00:27]} Qe3 {[%emt 0:00:53]} 74. Kf5 {[%emt 0:00:20]} Qb3 {[%emt 0:00:34]} 75. Ra8+ {[%emt 0:02:19]} Ke7 {[%emt 0:00:06]} 76. Ra7+ {[%emt 0:00:02]} Ke8 {[%emt 0:00:08]} 77. Ra8+ {[%emt 0:00:11]} Ke7 {[%emt 0:00:03]} 78. Ra7+ {[%emt 0:00:02]} Ke8 {[%emt 0:00:03]} 1/2-1/2

[Event "Mitropa Online Cup Open 2021"]
[Site "Hybrid"]
[Date "2021.05.04"]
[Round "1.2"]
[White "Zelcic, Robert"]
[Black "Kriebel, Tadeas"]
[Result "1/2-1/2"]
[WhiteElo "2539"]
[BlackElo "2527"]
[Annotator "ChessBase"]
[PlyCount "73"]
[EventDate "2021.05.04"]
[EventType "team-tourn"]
[EventCountry "NET"]
[SourceTitle "playchess.com"]
[Source "ChessBase"]
[SourceQuality "1"]
[WhiteTeam "Croatia"]
[BlackTeam "Czech Republic"]
[WhiteTeamCountry "CRO"]
[BlackTeamCountry "CZE"]
[TimeControl "40/5400+30:1800+30"]

1. e4 {[%emt 0:00:00]} c5 {[%emt 0:00:22]} 2. Nf3 {[%emt 0:00:08]} e6 {[%emt 0:00:10]} 3. d4 {[%emt 0:00:10]} cxd4 {[%emt 0:00:07]} 4. Nxd4 {[%emt 0:00:05]} Nc6 {[%emt 0:00:08]} 5. Bf4 {[%emt 0:00:24]} d6 {[%emt 0:10:25]} 6. Nxc6 {[%emt 0:05:34]} bxc6 {[%emt 0:00:09]} 7. c4 {[%emt 0:00:05]} e5 {[%emt 0:01:44]} 8. Be3 {[%emt 0:03:50]} Nf6 {[%emt 0:01:43]} 9. Nc3 {[%emt 0:00:23]} Be7 {[%emt 0:16:50]} 10. Be2 {[%emt 0:03:42]} O-O {[%emt 0:00:55]} 11. O-O {[%emt 0:00:08]} Be6 {[%emt 0:00:31]} 12. Qd2 {[%emt 0:07:09]} d5 {[%emt 0:09:05]} 13. exd5 {[%emt 0:02:17]} cxd5 {[%emt 0:00:25]} 14. cxd5 {[%emt 0:01:31]} Nxd5 {[%emt 0:00:26]} 15. Nxd5 {[%emt 0:11:16]} Qxd5 {[%emt 0:00:28]} 16. Qxd5 {[%emt 0:01:13]} Bxd5 {[%emt 0:00:06]} 17. Rfd1 {[%emt 0:00:19]} Be6 {[%emt 0:04:22]} 18. Bf3 {[%emt 0:08:27]} Rad8 {[%emt 0:05:33]} 19. Bxa7 {[%emt 0:12:03]} Rxd1+ {[%emt 0:11:02]} 20. Bxd1 {[%emt 0:01:11]} Ra8 {[%emt 0:00:27]} 21. Be3 {[%emt 0:00:10]} Rxa2 {[%emt 0:00:20]} 22. Rxa2 {[%emt 0:00:08]} Bxa2 {[%emt 0:00:05]} 23. b3 {[%emt 0:15:07]} Bb1 {[%emt 0:00:30]} 24. g4 {[%emt 0:03:26]} f5 {[%emt 0:09:11]} 25. gxf5 {[%emt 0:00:38]} Kf7 {[%emt 0:00:24]} 26. Bd2 {[%emt 0:06:35]} Bxf5 {[%emt 0:04:39]} 27. b4 {[%emt 0:00:46]} Ke6 {[%emt 0:03:35]} 28. Bb3+ {[%emt 0:00:46]} Kd6 {[%emt 0:00:26]} 29. Bc4 {[%emt 0:01:08]} Kc6 {[%emt 0:01:31]} 30. Kf1 {[%emt 0:00:29]} Bg4 {[%emt 0:02:37]} 31. Kg2 {[%emt 0:05:32]} e4 {[%emt 0:00:27]} 32. Bc3 {[%emt 0:04:39]} Bf3+ {[%emt 0:00:13]} 33. Kg1 {[%emt 0:00:39]} g5 {[%emt 0:00:49]} 34. h3 {[%emt 0:01:12]} h5 {[%emt 0:00:47]} 35. Bd2 {[%emt 0:00:10]} g4 {[%emt 0:01:58]} 36. hxg4 {[%emt 0:00:27]} hxg4 {[%emt 0:00:24]} 37. Kf1 {[%emt 0:00:59]} 1/2-1/2

[Event "Mitropa Online Cup Open 2021"]
[Site "Hybrid"]
[Date "2021.05.04"]
[Round "1.2"]
[White "Rogic, Davor"]
[Black "Nguyen, Thai Dai Van"]
[Result "0-1"]
[WhiteElo "2492"]
[BlackElo "2577"]
[Annotator "ChessBase"]
[PlyCount "96"]
[EventDate "2021.05.04"]
[EventType "team-tourn"]
[EventCountry "NET"]
[SourceTitle "playchess.com"]
[Source "ChessBase"]
[SourceQuality "1"]
[WhiteTeam "Croatia"]
[BlackTeam "Czech Republic"]
[WhiteTeamCountry "CRO"]
[BlackTeamCountry "CZE"]
[TimeControl "40/5400+30:1800+30"]

1. e4 {[%emt 0:00:00]} c5 {[%emt 0:00:26]} 2. Nf3 {[%emt 0:00:18]} Nc6 {[%emt 0:00:13]} 3. d4 {[%emt 0:00:22]} cxd4 {[%emt 0:00:15]} 4. Nxd4 {[%emt 0:00:13]} Nf6 {[%emt 0:00:16]} 5. Nc3 {[%emt 0:00:12]} e5 {[%emt 0:00:50]} 6. Ndb5 {[%emt 0:00:43]} d6 {[%emt 0:00:24]} 7. Bg5 {[%emt 0:00:29]} a6 {[%emt 0:00:08]} 8. Na3 {[%emt 0:00:23]} b5 {[%emt 0:00:06]} 9. Nd5 {[%emt 0:00:37]} Be7 {[%emt 0:00:08]} 10. Bxf6 {[%emt 0:00:37]} Bxf6 {[%emt 0:00:08]} 11. c4 {[%emt 0:00:33]} b4 {[%emt 0:00:48]} 12. Nc2 {[%emt 0:00:26]} O-O {[%emt 0:00:14]} 13. g3 {[%emt 0:09:10]} a5 {[%emt 0:00:08]} 14. Bg2 {[%emt 0:02:19]} g6 {[%emt 0:00:54]} 15. O-O {[%emt 0:03:07]} Bg7 {[%emt 0:00:44]} 16. Qd2 {[%emt 0:05:10]} Be6 {[%emt 0:04:05]} 17. Rad1 {[%emt 0:01:47]} Nd4 {[%emt 0:17:33]} 18. Nde3 {[%emt 0:13:04]} b3 {[%emt 0:15:27]} 19. axb3 {[%emt 0:05:11]} Nxb3 {[%emt 0:03:35]} 20. Qxd6 {[%emt 0:04:34]} Qxd6 {[%emt 0:10:45]} 21. Rxd6 {[%emt 0:00:30]} Rfb8 {[%emt 0:00:08]} 22. Rb1 {[%emt 0:22:06]} a4 {[%emt 0:03:33]} 23. Rd3 {[%emt 0:03:50]} Ra7 {[%emt 0:09:38]} 24. Na3 {[%emt 0:02:30]} Nd4 {[%emt 0:04:56]} 25. Bf1 {[%emt 0:06:03]} Rab7 {[%emt 0:02:14]} 26. Nd1 {[%emt 0:05:44]} Bf8 {[%emt 0:01:59]} 27. Kg2 {[%emt 0:02:40]} Bc5 {[%emt 0:09:09]} 28. Rc3 {[%emt 0:02:00]} Bb4 {[%emt 0:00:41]} 29. Rd3 {[%emt 0:00:27]} Bd7 {[%emt 0:04:41]} 30. Rc1 {[%emt 0:01:23]} Nb3 {[%emt 0:02:33]} 31. Rc2 {[%emt 0:00:53]} Nd4 {[%emt 0:00:09]} 32. Rc1 {[%emt 0:00:34]} Nb3 {[%emt 0:03:32]} 33. Rc2 {[%emt 0:00:13]} Nc5 {[%emt 0:00:09]} 34. Re3 {[%emt 0:00:57]} Bc6 {[%emt 0:01:26]} 35. f3 {[%emt 0:00:13]} Ne6 {[%emt 0:02:18]} 36. Nb5 {[%emt 0:01:58]} Bc5 {[%emt 0:01:36]} 37. Rd3 {[%emt 0:01:01]} Nd4 {[%emt 0:00:23]} 38. Rc1 {[%emt 0:02:45]} Bxb5 {[%emt 0:01:32]} 39. cxb5 {[%emt 0:00:12]} Rxb5 {[%emt 0:00:02]} 40. Rdc3 {[%emt 0:00:00]} Rxb2+ {[%emt 0:00:00]} 41. Nxb2 {[%emt 0:04:05]} Rxb2+ {[%emt 0:01:34]} 42. Kh3 {[%emt 0:01:44]} Bb4 {[%emt 0:08:21]} 43. Rc8+ {[%emt 0:03:53]} Kg7 {[%emt 0:00:06]} 44. f4 {[%emt 0:01:46]} exf4 {[%emt 0:07:40]} 45. R1c4 {[%emt 0:09:54]} Nf3 {[%emt 0:05:22]} 46. Rc2 {[%emt 0:04:26]} a3 {[%emt 0:00:58]} 47. Rxb2 {[%emt 0:00:55]} axb2 {[%emt 0:00:10]} 48. Bd3 {[%emt 0:00:04]} Ne1 {[%emt 0:00:14]} 0-1

[Event "Mitropa Online Cup Open 2021"]
[Site "Hybrid"]
[Date "2021.05.04"]
[Round "1.2"]
[White "Finek, Vaclav"]
[Black "Tica, Sven"]
[Result "1-0"]
[WhiteElo "2361"]
[BlackElo "2396"]
[Annotator "NA"]
[PlyCount "65"]
[EventDate "2021.05.04"]
[EventType "team-tourn"]
[EventCountry "NET"]
[SourceTitle "playchess.com"]
[Source "ChessBase"]
[SourceQuality "1"]
[WhiteTeam "Czech Republic"]
[BlackTeam "Croatia"]
[WhiteTeamCountry "CZE"]
[BlackTeamCountry "CRO"]
[TimeControl "40/5400+30:1800+30"]

1. Nf3 {[%emt 0:00:00]} d5 {[%emt 0:00:07]} 2. c4 {[%emt 0:00:23]} e6 {[%emt 0:00:06]} 3. g3 {[%emt 0:00:22]} Nf6 {[%emt 0:00:10]} 4. Bg2 {[%emt 0:00:18]} Be7 {[%emt 0:01:50]} 5. O-O {[%emt 0:00:13]} O-O {[%emt 0:00:08]} 6. d4 {[%emt 0:00:43]} c6 {[%emt 0:02:50]} 7. Qc2 {[%emt 0:00:31]} b6 {[%emt 0:00:39]} 8. Nbd2 {[%emt 0:00:40]} Bb7 {[%emt 0:00:11]} 9. e4 {[%emt 0:01:32]} Na6 {[%emt 0:00:17]} 10. a3 {[%emt 0:00:36]} c5 {[%emt 0:00:33]} 11. exd5 {[%emt 0:00:39]} exd5 {[%emt 0:00:04]} 12. dxc5 {[%emt 0:01:07]} Nxc5 {[%emt 0:00:04]} 13. b4 {[%emt 0:00:17]} Ne6 {[%emt 0:00:19]} 14. Bb2 {[%emt 0:00:49]} Rc8 {[%emt 0:02:08]} 15. Ne5 {[%emt 0:01:09]} a5 {[%emt 0:06:10]} 16. b5 {[%emt 0:09:57]} Qc7 {[%emt 0:10:14]} 17. Rac1 {[%emt 0:07:03]} Rfe8 {[%emt 0:13:46]} 18. Rfe1 {[%emt 0:08:05]} Nc5 {[%emt 0:22:38]} 19. cxd5 {[%emt 0:26:40]} Nxd5 {[%emt 0:02:53]} 20. Nxf7 {[%emt 0:13:48]} Bf6 {[%emt 0:09:23]} 21. Bxf6 {[%emt 0:06:46]} Qxf7 {[%emt 0:00:11]} 22. Bd4 {[%emt 0:01:52]} Ne6 {[%emt 0:05:38]} 23. Qb2 {[%emt 0:04:57]} Rxc1 {[%emt 0:06:03]} 24. Rxc1 {[%emt 0:01:22]} Ndf4 {[%emt 0:10:37]} 25. gxf4 {[%emt 0:03:42]} Nxf4 {[%emt 0:02:31]} 26. Bxb7 {[%emt 0:03:34]} Qxb7 {[%emt 0:00:07]} 27. f3 {[%emt 0:02:06]} Ne2+ {[%emt 0:01:03]} 28. Kf2 {[%emt 0:01:10]} Nxc1 {[%emt 0:00:13]} 29. Qxc1 {[%emt 0:00:13]} Qe7 {[%emt 0:00:03]} 30. Ne4 {[%emt 0:01:29]} Qh4+ {[%emt 0:00:32]} 31. Kg2 {[%emt 0:00:35]} Rxe4 {[%emt 0:01:44]} 32. Qc8+ {[%emt 0:01:27]} Kf7 {[%emt 0:00:17]} 33. Qf5+ {[%emt 0:00:14]} 1-0